| 000 | 00783cab a2200229 4500 | ||
|---|---|---|---|
| 001 | ABS56070 | ||
| 008 | 090401t1996 xxu||||| |||| 00| 0 eng d | ||
| 035 | _a(Sirsi) u20896 | ||
| 041 | _aeng | ||
| 100 | _aScates, S. | ||
| 245 | _aS106 and its new appeal | ||
| 260 | _c1996 | ||
| 350 | _a0 | ||
| 490 |
_aEstates Gazette _v(9643) 26 October 1996, 144-145(2) |
||
| 520 | _aOutlines the right of appeal under the Town and Country Planning Act s106 1990 which became possible on 25 October 1996, the right arising after a period of five years from the date of the obligation. | ||
| 650 | _aPLANNING OBLIGATIONS | ||
| 650 | _aRIGHT OF APPEAL | ||
| 650 | _aTOWN AND COUNTRY PLANNING ACT 1990 S106 | ||
| 690 | _aPLANNING LAW AND PRACTICE | ||
| 942 | _n0 | ||
| 948 | _c04/03/1997 | ||
| 999 |
_c14007 _d14007 |
||